000 00867nam a2200193 i 4500
001 57330
003 ES-MaACL
005 20230906163545.0
007 t|
008 031015s1948 sp ||||1| spa d
100 1 _aLavín, José Domingo.
_9172086
245 1 3 _aLa acción orientadora de las Naciones Unidas en los problemas económicos :
_bconferencia pronunciada en el ciclo organizado por el Ateneo Nacional de Ciencias y Artes de México en cooperación con la Asociación Mexicana Pro-ONU y con el Centro de Información de las Naciones Unidas /
_cJosé Domingo Lavín.
260 _aMéxico :
_b[s.n.,
_c1948] (
_fImp. Monterrubio)
300 _a28 p. ;
_c20 cm.
651 4 _aMéxico-
_xSituación económica.
_9150095
710 2 _aNaciones Unidas.
_95955
710 2 _aAteneo Nacional de Ciencias y Artes de México.
_9172091
852 _aES-MaACL
_j1952-F-6
999 _c57330
_d57330